| 000 | 01455cac a2200385 i 4500 | ||
|---|---|---|---|
| 003 | EG-GICUC | ||
| 005 | 20260121101429.0 | ||
| 008 | 051116s2005 ne cb frb 001 0 eng d | ||
| 020 |
_a9041124047 _qKluwer Law International |
||
| 020 |
_a3727291133 _qStæmpfli |
||
| 020 |
_a9789041124043 _q(Kluwer Law International) |
||
| 020 |
_a9783727291135 _q(Stæmpfli) |
||
| 040 |
_aUkOxU _cUkOxU _dDLC _dEG-GICUC _beng _erda |
||
| 043 | _ae-sz--- | ||
| 050 | 0 | 0 |
_aKKW2070 _b.F48 2005 |
| 082 | 0 | 4 |
_221 _a342.0494 |
| 092 | 0 | 4 | _221 |
| 099 | _aLaw 08 2005 | ||
| 100 | 1 |
_aFleiner-Gerster, Thomas, _d1938- |
|
| 245 | 1 | 0 |
_aSwiss constitutional law / _cThomas Fleiner, Alexander Misic, Nicole Töpperwein. |
| 264 |
_aThe Hague : _bKluwer Law International ; _aBerne : _bStæmpfli Publishers, _c2005. |
||
| 300 |
_a306 page : _bmaps, ports ; _c24 cm. |
||
| 336 |
_atext _btxt _2rdacontent |
||
| 337 |
_aunmediated _bn _2rdamedia |
||
| 338 |
_avolume _bnc _2rdacarrier |
||
| 500 | _a"This book was originally published as a monograph in the International Encyclopedia of Laws/Constitutional Law." | ||
| 504 | _aIncludes bibliographical references and index. | ||
| 650 | 0 |
_aConstitutional law _zSwitzerland. |
|
| 700 | 1 | _aMisic, Alexander. | |
| 700 | 1 | _aTöpperwien, Nicole. | |
| 730 | 0 |
_aInternational encyclopaedia of laws. _pConstitutional law. |
|
| 856 | 4 | 0 | _uhttps://fll.law.cu.edu.eg/fulltext/bks/ENGB08-00081.pdf |
| 905 | _a10 | ||
| 942 |
_2ddc _cBK _e21 _n0 |
||
| 999 |
_c48310 _d48310 |
||